| Поле | Инд. | ПП | Название | Значение |
|---|---|---|---|---|
| Тип записи | a | |||
| Библиографический уровень | b | |||
| 001 | Контрольный номер | RU/IS/BASE/283878988 | ||
| 005 | Дата корректировки | 20220715140348.2 | ||
| 008 | Кодируемые данные | 20081229 | ||
| 040 | b | Код языка каталог. | rus | |
| e | Правила каталог. | PSBO | ||
| 041 | 0_ | a | Код языка текста | rus |
| 084 | a | Индекс другой классификации/Индекс ББК | 66.042.11; 66.02 | |
| 100 | 1_ | a | Автор | Зернов А. В. |
| 245 | 10 | a | Заглавие | Институт выборов и понятие верховной власти в классической концепции государственного строя |
| 504 | a | Библиография | Библиогр. ссылки. - Примеч. | |
| 650 | a | Основная рубрика | политика | |
| a | Основная рубрика | политология | ||
| 653 | a | Ключевые слова | верховная власть | |
| a | Ключевые слова | власть | ||
| a | Ключевые слова | выборы | ||
| 773 | t | Заглавие источника | Вестник Московского университета. Серия 18, Социология и политология | |
| d | Дата издания источника | 2008 | ||
| g | Прочая информация | № 1. - С. 177 - 178 | ||
| w | Контрольный № источника | RU/IS/BASE/279889919 | ||
| 901 | t | Тип документа | b |